LIBRARY ONLINE CATALOGUE

Arlidge and Parry on fraud. (Record no. 4313)

MARC details
000 -LEADER
fixed length control field 00656cam a22002172 4500
001 - CONTROL NUMBER
control field 0000021412
005 - DATE AND TIME OF LATEST TRANSACTION
control field 20151217145937.0
008 - FIXED-LENGTH DATA ELEMENTS--GENERAL INFORMATION
fixed length control field 120425s xx 000 0 eng d
020 ## - INTERNATIONAL STANDARD BOOK NUMBER
International Standard Book Number 0421892101 :
040 ## - CATALOGING SOURCE
Original cataloging agency KABU
Transcribing agency KABU
100 1# - MAIN ENTRY--PERSONAL NAME
Personal name Arlidge, Anthony.
-- 0000182252
245 10 - TITLE STATEMENT
Title Arlidge and Parry on fraud.
250 ## - EDITION STATEMENT
Edition statement 3rd ed. /
Remainder of edition statement Jacques Parry with Anthony Arlidge.
260 ## - PUBLICATION, DISTRIBUTION, ETC. (IMPRINT)
Place of publication, distribution, etc. London :
Name of publisher, distributor, etc. Sweet & Maxwell,
Date of publication, distribution, etc. 2007.
300 ## - PHYSICAL DESCRIPTION
Extent lxxxv, 736 p.
650 #0 - SUBJECT ADDED ENTRY--TOPICAL TERM
Topical term or geographic name as entry element Fraud
Geographic subdivision Great Britain.
-- 0000179710
700 1# - ADDED ENTRY--PERSONAL NAME
Personal name Parry, Jacques.
-- 0000182253
852 1# - LOCATION
-- p35,000 KES
908 ## - PUT COMMAND PARAMETER (RLIN)
Put command parameter 120425
950 ## - LOCAL HOLDINGS (RLIN)
-- 1
Holdings
Withdrawn status Lost status Source of classification or shelving scheme Not for loan Home library Current library Date acquired Total Checkouts Full call number Barcode Date last seen Price effective from Koha item type
    Library of Congress Classification   Kabarak, Main Campus Kabarak, Main Campus 17/12/2015   KD8000 .A75 2007 c.1 21081 17/12/2015 17/12/2015 General Collection